| 000 | 00447pab a2200181 454500 | ||
|---|---|---|---|
| 008 | 180718b2011 xxu||||| |||| 00| 0 eng d | ||
| 100 | _aDommaraju, Premchand | ||
| 245 | _aMarriage and fertility dynamics in India | ||
| 260 | _c2011 | ||
| 300 | _ap.21-38. | ||
| 362 | _aJun | ||
| 650 | _aFertility - India | ||
| 650 | _aMarriage - India | ||
| 650 | _aMarriage | ||
| 773 | _aAsia-Pacific Population Journal | ||
| 908 | _aN | ||
| 909 | _a97294 | ||
| 999 |
_c97294 _d97294 |
||